000 00559cam a22002291 4500
001 sa 65008146
003 DLC
005 20260227112154.0
008 900122s1964 ii 000 0 hino
010 _asa 65008146
035 _a(OCoLC)20940967
040 _aDLC
_cWaU
_dDLC
042 _apremarc
050 0 0 _aPK1939
_b.K4
100 1 _aKhemāṇī, Ānandaprakāśa.
245 1 0 _aAnuvāda kalā.
260 _c[1964
300 _a3, 216 p.
_c19 cm.
500 _aIn Hindi.
650 0 _aHindi language
_xTranslating.
700 0 _aVeda Prakāśa.
999 _c65595
_d65595